000 00600nam a22002297a 4500
003 UA-OsUOA
001 94921
007 ta
008 20130219b un ||||| |||| 00| 0 ukr d
100 _aЗив О.
090 _a821.161.1
_bЗ-59
942 _cBK
040 _aUA-OsUOA
_brus
_cUA-OsUOA
_dUA-OsUOA
245 _aГорячий час
_bроман
300 _a622 с.
955 _a3
041 _arus
080 _a821.161.1
260 _aМ.
_bСоветский писатель
_c1960
650 7 _a82 Література. Літературознавство
_2UDC
999 _c381158
_d381158